The Islands of Indonesia - Statistics

General Stats
  • This quiz has been taken 454 times
  • The average score is 4 of 5
Answer Stats
Answer % Correct
Java
97%
Sumatra
95%
Borneo
92%
Sulawesi
84%
New Guinea
69%
No matching quizzes found
Score Distribution
Percent of People with Each Score
Percentile by Number Answered
Your Score History
You have not taken this quiz